Rights of light (Record no. 81068)
[ view plain ]
| 000 -LEADER | |
|---|---|
| fixed length control field | 01143cad a22002295a 4500 |
| 001 - CONTROL NUMBER | |
| control field | L146176 |
| 008 - FIXED-LENGTH DATA ELEMENTS--GENERAL INFORMATION | |
| fixed length control field | 081215s2008 xxk f v 000 0 eng d |
| 035 ## - SYSTEM CONTROL NUMBER | |
| System control number | (Sirsi) u146176 |
| 041 0# - LANGUAGE CODE | |
| Language code of text/sound track or separate title | eng |
| 100 1# - MAIN ENTRY--PERSONAL NAME | |
| Personal name | Davies, Mark |
| 245 00 - TITLE STATEMENT | |
| Title | Rights of light |
| Remainder of title | from an insurer's perspective |
| -- | h[electronic resource] |
| 260 ## - PUBLICATION, DISTRIBUTION, ETC. | |
| Date of publication, distribution, etc. | 2008 |
| 490 ## - SERIES STATEMENT | |
| Series statement | Property Eye |
| Volume/sequential designation | 2008, 19-21(3) |
| 520 ## - SUMMARY, ETC. | |
| Summary, etc. | Explains what rights of light are. Discusses how a right of light is measured and created, and comments on why these rights are important. Sets out the grounds for legal action for interference with rights of light and explains the remedies for interference. Includes commentary on relevant case law. |
| 590 ## - LOCAL NOTE (RLIN) | |
| Local note | KA |
| 650 24 - SUBJECT ADDED ENTRY--TOPICAL TERM | |
| Topical term or geographic name entry element | REGAN V PAUL PROPERTIES LTD AND OTHERS |
| 650 24 - SUBJECT ADDED ENTRY--TOPICAL TERM | |
| Topical term or geographic name entry element | TAMARES (VINCENT SQUARE) LTD V FAIRPOINT PROPERTIES (VINCENT SQUARE) LTD |
| 651 #4 - SUBJECT ADDED ENTRY--GEOGRAPHIC NAME | |
| Geographic name | England and Wales |
| Chronological subdivision | 1543- |
| 690 ## - LOCAL SUBJECT ADDED ENTRY--TOPICAL TERM (OCLC, RLIN) | |
| Topical term or geographic name as entry element | PROPERTY-PROPERTY MANAGEMENT-EASEMENTS-RIGHTS TO LIGHT DETERMINATION-RIGHTS TO LIGHT |
| 856 40 - ELECTRONIC LOCATION AND ACCESS | |
| Uniform Resource Identifier | <a href="https://www.rics.org/site/download_feed.aspx?fileID=145&fileExtension=PDF">https://www.rics.org/site/download_feed.aspx?fileID=145&fileExtension=PDF</a> |
| Public note | View the report free of charge at www.rics.org... |
| 942 ## - ADDED ENTRY ELEMENTS (KOHA) | |
| Suppress in OPAC | 0 |
| Withdrawn status | Lost status | Source of classification or shelving scheme | Damaged status | Not for loan | Home library | Current library | Shelving location | Date acquired | Total Checkouts | Full call number | Barcode | Date last seen | Copy number | Price effective from | Koha item type |
|---|---|---|---|---|---|---|---|---|---|---|---|---|---|---|---|
| Dewey Decimal Classification | Virtual | Virtual | Online | 15/12/2008 | ONLINE PUBLICATION | 146176-1001 | 06/08/2019 | 1 | 06/08/2019 | Journal article |